Speedway Grand Prix Strecken - Statistiken

Allgemein
  • Dieses Quiz wurde 2 mal gespielt
  • Das Durchschnittsergebnis liegt bei 39 aus 43
Antwortstatistiken
Land Anzahl GPs Strecke (Ort) % Korrekt
Neuseeland 3 Auckland
100%
Deutschland 1 Berlin
100%
Polen 15 Bydgoszcz
100%
Vereinigtes Königreich 22 Cardiff
100%
Polen 2 Chorzow
100%
Vereinigtes Königreich 3 Coventry
100%
Lettland 8 Daugavpils
100%
Deutschland 1 Gelsenkirchen
100%
Kroatien 4 Gorican
100%
Polen 13 Gorzow
100%
Schweden 9 Göteborg
100%
Schweden 2 Hallstavik
100%
Norwegen 3 Hamar
100%
Dänemark 4 Horsens
100%
Dänemark 12 Kopenhagen
100%
Slovenien 14 Krsko
100%
Deutschland 2 Landshut
100%
Vereinigtes Königreich 2 London
100%
Italien 5 Lonigo
100%
Polen 2 Lublin
100%
Schweden 18 Malilla
100%
Australien 3 Melbourne
100%
Deutschland 2 Pocking
100%
Tschechien 30 Prag
100%
Lettland 2 Riga
100%
Schweden 7 Stockholm
100%
Australien 1 Sydney
100%
Finnland 2 Tampere
100%
Italien 5 Terenzano
100%
Deutschland 6 Teterow
100%
Russland 1 Toljatti
100%
Polen 17 Torun
100%
Dänemark 18 Vojens
100%
Polen 8 Warschau
100%
Österreich 1 Wiener Neustadt
100%
Polen 16 Wroclaw
100%
Deutschland 1 Abensberg
50%
Vereinigtes Königreich 1 Bradford
50%
Kroatien 2 Donji Kraljevec
50%
Schweden 3 Eskilstuna
50%
Polen 5 Leszno
50%
Schweden 6 Linköping
50%
Schweden 1 Avesta
0%
Keine übereinstimmenden Quizze gefunden
Verteilung der Resultate
Anzahl Personen mit jedem Resultat
Perzentil nach korrekt beantworteten Fragen
Ihre Resultats-Entwicklung
Sie haben dieses Quiz noch nicht gespielt